| 000 | 00618nam a22002173a 4500 | ||
|---|---|---|---|
| 005 | 20230617063527.0 | ||
| 008 | 010918s1997 mx fr 000 0 spa d | ||
| 020 | _a8478841865 | ||
| 035 | _aUPN01000111730 | ||
| 049 | _aCG | ||
| 050 | 4 |
_aGV1201 _bO7.48 1997 |
|
| 100 | 1 | _aOrlick, Terry | |
| 245 | 1 | 0 |
_aJuegos y deportes cooperativos : _bdesafios divertidos sin competencia / _cTerry Orlick. |
| 250 | _a2a ed. | ||
| 260 |
_aMadrid : _bPopular, _c1997. |
||
| 300 |
_a157 p. : _bil. |
||
| 440 | 0 |
_aExperiencias pedagógicas ; _v2 |
|
| 650 | 4 |
_aJuegos _95342 |
|
| 650 | 4 |
_aRecreación y juego _915377 |
|
| 905 | _aLibro | ||
| 999 |
_c85638 _d85638 |
||